A CONCISE BOOK OF BIOCHEMISTRY : FOR B. PHARMA AND GPAT EXAMINATION (Record no. 8905)

MARC details
000 -LEADER
fixed length control field 00499nam a22001817a 4500
005 - DATE AND TIME OF LATEST TRANSACTION
control field 20251117174225.0
008 - FIXED-LENGTH DATA ELEMENTS--GENERAL INFORMATION
fixed length control field 251117b |||||||| |||| 00| 0 eng d
020 ## - INTERNATIONAL STANDARD BOOK NUMBER
ISBN 978-81-19613-08-3
041 ## - LANGUAGE CODE
Language code of text/sound track or separate title eng
082 ## - DEWEY DECIMAL CLASSIFICATION NUMBER
Classification number 572
100 ## - MAIN ENTRY--AUTHOR NAME
Personal name GADGIL. MR. GAURAV G.
245 ## - TITLE STATEMENT
Title A CONCISE BOOK OF BIOCHEMISTRY : FOR B. PHARMA AND GPAT EXAMINATION
250 ## - EDITION STATEMENT
Edition statement 1ST .ED. 2024
260 ## - PUBLICATION, DISTRIBUTION, ETC. (IMPRINT)
Place of publication NEW DELHI
Name of publisher INNOVATIVE PUBLICATION PVT.LTD
Year of publication 2025
300 ## - PHYSICAL DESCRIPTION
Number of Pages 88;P
650 ## - SUBJECT ADDED ENTRY--TOPICAL TERM
Topical Term PHARMACY
942 ## - ADDED ENTRY ELEMENTS (KOHA)
Koha item type Books
Holdings
Lost status Damaged status Collection code Home library Current library Shelving location Date acquired Source of acquisition Cost, normal purchase price Full call number Accession Number Koha item type
    PHARMACY JRU Library JRU Library SHELF-3-E 14/11/2025 PURCHASE 350.00 572 29012 Books